FOR Words & BACK Words Quiz Stats

Quiz Updated Sep 10, 2012

Challenge
Share
Tweet
Embed
Score 0/30 Timer 05:00
5 Plays Today
% Correct
Fore
99.2%
Fork
96.9%
Backpack
96.2%
Backup
94.9%
Backstroke
93.1%
Ford
93%
Backstreet
92.9%
Backhand
90%
Backgammon
89.1%
Backscratcher
88.9%
Fortune
88.3%
Fortnight
85%
Forest
84.6%
Forum
84.6%
Forage
84.5%
% Correct
Fortunate
84.2%
Backboard
83.2%
Forensics
82.3%
Backside
80.9%
Forgive
80.4%
Backfire
80%
Forceps
79.2%
Forte
76.9%
Backtrack
75.3%
Backlash
72.3%
Backfield
62.5%
Backsplash
60.7%
Backstop
59.3%
Formica
58.1%
Foreigner
32.7%

You're not logged in!

Compare scores with friends on all Sporcle quizzes.
Join for Free
OR
Log In

You Might Also Like...

Show Comments

Extras

Top Quizzes Today


Score Distribution

Your Account Isn't Verified!

In order to create a playlist on Sporcle, you need to verify the email address you used during registration. Go to your Sporcle Settings to finish the process.

Report this User

Report this user for behavior that violates our Community Guidelines.

Details: